<?xml version="1.0" encoding="UTF-8"?>
<collection xmlns="http://www.loc.gov/MARC21/slim">
  <record>
    <leader>00000nam  2200000   4500</leader>
    <controlfield tag="001">INLIS000000000003576</controlfield>
    <controlfield tag="005">20130612091858</controlfield>
    <controlfield tag="008">***********************************Ind**</controlfield>
    <datafield tag="035" ind1="#" ind2="#">
      <subfield code="a">0010-061300000003576</subfield>
    </datafield>
    <datafield tag="041" ind1="#" ind2="#">
      <subfield code="a">Ind</subfield>
    </datafield>
    <datafield tag="082" ind1="#" ind2="#">
      <subfield code="a">616.804 75</subfield>
    </datafield>
    <datafield tag="090" ind1="#" ind2="#">
      <subfield code="a">616.804 75, Mon c</subfield>
    </datafield>
    <datafield tag="100" ind1="#" ind2="#">
      <subfield code="a">Montgomery, Erwin B</subfield>
    </datafield>
    <datafield tag="245" ind1="#" ind2="#">
      <subfield code="a">Cara-cara menegakkan diagnosis neurologi, Erwin B. Montgomery; alih bahasa, Maria Osman</subfield>
    </datafield>
    <datafield tag="260" ind1="#" ind2="#">
      <subfield code="a">1991</subfield>
      <subfield code="b">Jakarta</subfield>
    </datafield>
    <datafield tag="300" ind1="#" ind2="#">
      <subfield code="a">viii, 287 hlm., ilus., 23 cm</subfield>
    </datafield>
    <datafield tag="650" ind1="#" ind2="#">
      <subfield code="a">Neurologi</subfield>
    </datafield>
    <datafield tag="650" ind1="#" ind2="#">
      <subfield code="a">Diagnosa</subfield>
    </datafield>
    <datafield tag="700" ind1="#" ind2="#">
      <subfield code="a">Osman, Maria</subfield>
    </datafield>
    <datafield tag="850" ind1="#" ind2="#">
      <subfield code="a">NBPNMAT</subfield>
    </datafield>
    <datafield tag="990" ind1="#" ind2="#">
      <subfield code="a">21400613/BPAP-NTB/20142014</subfield>
    </datafield>
    <datafield tag="990" ind1="#" ind2="#">
      <subfield code="a">21400613/BPAP-NTB/20142014</subfield>
    </datafield>
    <datafield tag="990" ind1="#" ind2="#">
      <subfield code="a">21400613/BPAP-NTB/20142014</subfield>
    </datafield>
    <datafield tag="990" ind1="#" ind2="#">
      <subfield code="a">21400613/BPAP-NTB/20142014</subfield>
    </datafield>
    <datafield tag="990" ind1="#" ind2="#">
      <subfield code="a">21400613/BPAP-NTB/20142014</subfield>
    </datafield>
  </record>
</collection>
